[Event "Landsturneringen 2014"]
[Site "Trondheim, Sør-Trøndelag NOR"]
[Date "2014.07.15"]
[Round "5"]
[White "Furnes, Torstein"]
[Black "Kvendseth, Cornelius"]
[Result "1-0"]
[WhiteElo "1609"]
[BlackElo "1661"]
[Annotator "Furnes,Torstein"]
[PlyCount "57"]
[EventDate "2014.07.12"]

1. d4 d5 2. c4 e6 3. Nc3 Nf6 4. Bg5 Be7 5. e3 O-O 6. Nf3 c6 7. Rc1 Nbd7 8. Bd3
h6 9. Bf4 Nb6 10. c5 Nbd7 11. h3 b6 12. b4 Re8 $146 13. g4 $5 {Jeg bestemmer
meg for å satse på kongeangrep.} Nf8 $6 {Fritz mener at dette trekket er en
feil. Hvit får nå et godt springerfelt på e5.} 14. Ne5 Bb7 15. h4 N8d7 $6 {
Fritz mener at svart heller skulle flyttet den andre springeren til d7.} (15...
N6d7 16. g5 Nxe5 17. Bxe5 f6) 16. g5 Nxe5 17. dxe5 Ne4 $6 ({Fritz mener at
svart heller bør spille} 17... Nd7) 18. Qg4 {Fritz mener at hvit heller skulle
slått på h6 først og deretter spilt Dg4 i neste trekk.} (18. gxh6 g6 19. Qg4)
18... h5 19. Qxh5 g6 20. Qg4 Kg7 21. Nxe4 dxe4 22. Bxe4 bxc5 23. h5 $1 (23.
bxc5 $2 {ville tillatt svart motstpill på dronningfløyen med} Ba6) 23... Rh8
24. Rd1 Qb6 25. Ke2 $6 {Hensikten med dette trekket var å opprette kontakt
mellom tårnene og få kongen i sikkerhet på f3 og g3. Men løperofferet som
kommer i neste trekk, var mulig allerede nå.} (25. Bxg6 $1 Qxb4+ 26. Ke2 $18)
25... Qxb4 $2 {Tapstrekket. Fritz vil heller spille La6 og slå bonden på h5.} (
25... Ba6+ 26. Kf3 Rxh5 27. Rxh5 gxh5 28. Qxh5 Rh8 29. Qg4 Qb5) 26. Bxg6 $1
Qb2+ ({Hvis svart hadde tatt imot løperofferet, kunne fortsettelsen kanskje
blitt} 26... fxg6 27. Qxe6 Rae8 (27... Ba6+ 28. Kf3 Qc4 29. Qxg6+ Kf8 30. e6
Rh7 31. Qxh7 Qxe6 32. g6) (27... c4 28. hxg6 Raf8 29. Rxh8 Kxh8 30. Rh1+ Kg7
31. Rh7#) 28. Qxg6+ Kf8 29. Qf5+ Kg8 (29... Kg7 30. h6+ Rxh6 (30... Kg8 31.
Qg6+ Kf8 32. Qg7#) 31. Rxh6) 30. Qe6+ Kf8 31. g6 Ba6+ 32. Kf3 Qc4 33. g7+ Kxg7
34. Rdg1+ Kf8 35. Bh6+ Rxh6 36. Rg8#) 27. Kf3 c4 (27... Ba6 28. Bd3 Bxd3 29.
Rxd3) (27... Qxa2 28. h6+ Kf8 (28... Kxg6 29. Qh5+ Kf5 30. e4#) 29. Bb1 Qc4 30.
g6 fxg6 31. Qxg6 Rg8 32. h7 Rxg6 33. h8=Q+ Rg8 34. Bh6+ Kf7 35. Qh7+ Rg7 36.
Qxg7+ Ke8 37. Bg6#) 28. Rb1 c5+ 29. Kg3 1-0

[Event "Landsturneringen 2014"]
[Site "Trondheim, Sør-Trøndelag NOR"]
[Date "2014.07.15"]
[Round "5"]
[White "Rist, Karl Johan"]
[Black "Ruud, Kjetil"]
[Result "0-1"]
[WhiteElo "1313"]
[BlackElo "1288"]
[PlyCount "128"]
[EventDate "2014.07.12"]

1. d4 b6 2. c4 e6 3. Nc3 Bb4 4. Qc2 Bb7 5. f3 Qh4+ 6. g3 Qxd4 7. e3 Bxc3+ 8.
bxc3 Qf6 9. Bg2 d6 10. e4 Nd7 11. Ne2 O-O-O 12. f4 e5 13. O-O h5 14. fxe5 Qxe5
15. Bf4 Qe6 16. Bg5 f6 17. Be3 Qxc4 18. Nd4 g5 19. a4 a5 20. Rfd1 Re8 21. Bf1
Qf7 22. Nb5 Qe6 23. Bg2 Bxe4 24. Bxe4 Qxe4 25. Qxe4 Rxe4 26. Bf2 Re6 27. Nd4
Re7 28. Nc6 Rf7 29. Bd4 Nh6 30. Na7+ Kb7 31. Nb5 Re8 32. Bf2 Re6 33. Nd4 Re5
34. Nf3 Re2 35. Nd4 Re8 36. Nb5 Kb8 37. c4 Rfe7 38. Nd4 Ne5 39. Be1 c5 40. Nb5
Nf3+ 41. Kf2 Nxe1 42. Rxe1 Ng4+ 43. Kf1 Nxh2+ 44. Kf2 Ng4+ 45. Kf1 Ne3+ 46. Kf2
Nxc4 47. Red1 Re2+ 48. Kg1 R8e3 49. Nxd6 Nxd6 50. Rxd6 Re6 51. Rad1 Kc7 52.
Rd7+ Kc6 53. Rd8 Re1+ 54. Rxe1 Rxe1+ 55. Kf2 Re6 56. Kf3 Rd6 57. Rc8+ Kd5 58.
Rh8 c4 59. Rxh5 Kc5 60. g4 Kb4 61. Rh1 Kxa4 62. Ke4 Kb4 63. Rb1+ Kc5 64. Kf5 a4
0-1

[Event "Landsturneringen 2014"]
[Site "Trondheim, Sør-Trøndelag NOR"]
[Date "2014.07.15"]
[Round "5"]
[White "Engan, Kari Kristine"]
[Black "Kjelstrup, Joachim"]
[Result "0-1"]
[WhiteElo "1024"]
[BlackElo "1090"]
[Annotator "Kjelstrup, Joachim"]
[PlyCount "114"]
[EventDate "2014.07.12"]

1. e4 c5 2. Nf3 d6 3. d4 cxd4 4. Nxd4 Nf6 5. Nc3 a6 6. h3 g6 7. Be2 Bg7 8. O-O
O-O 9. Be3 Nbd7 10. f4 e6 11. f5 exf5 12. exf5 Qe7 13. Qd2 Nc5 14. fxg6 fxg6
15. Bh6 Nce4 16. Qe3 Re8 17. Bd3 Nxc3 18. Qxe7 Rxe7 19. Bxg7 Kxg7 20. bxc3 Bd7
21. Rae1 Re5 22. Nf3 Ra5 23. Bc4 Rc8 24. Nd2 Re5 25. Rxe5 dxe5 26. Re1 Re8 27.
Bd3 Bc6 28. Ne4 b5 29. Kf2 Bd5 30. Nxf6 Kxf6 31. a3 e4 32. Be2 e3+ 33. Kg3 h5
34. h4 Rc8 35. Rf1+ Ke5 36. Re1 Rxc3 37. Rc1 Be4 38. Rf1 Rxc2 39. Re1 Rc3 40.
Bf3 Rxa3 41. Bxe4 Kxe4 42. Kh2 Rc3 43. g3 a5 44. Kg2 Rc2+ 45. Kf1 Rf2+ 46. Kg1
e2 {Hjernen tok en timeout. Uforklarlig trekk. Av ren skjær skuffelse er det
rett før jeg rekker fram labben og takker for kampen.} 47. Kxf2 Kd3 48. Rxe2 a4
49. Ra2 Kc3 50. Re2 b4 51. Ke1 b3 52. Kd1 b2 53. Re3+ Kb4 {Her gjør jeg en ny
stor feil. Kd4 ville vunnet tårnet og partiet.} ({Houdini:} 53... Kd4 54. Kc2
Kxe3 55. Kxb2 Kf3 56. Ka3 Kxg3 57. Kxa4 Kxh4 58. Kb4 Kg3 59. Kb3 g5 60. Kb2 Kf4
61. Ka2 g4 62. Ka3 h4 63. Kb4 h3 64. Ka4 h2 65. Kb4 h1=Q 66. Ka3 g3 67. Kb4 g2
68. Kb3 g1=Q 69. Kb2 Qb7+ 70. Kc3 Qc1+ 71. Kd4 Qe4# {[%eval -32729,33]}) 54.
Kc2 a3 55. Re4+ Kb5 56. Kb3 {Hvit gjør her et trekk som er verre enn mitt 46
trekk og taper partiet.} b1=Q+ 57. Kxa3 Qxe4 {Hvit ga opp.} 0-1

[Event "Landsturneringen 2014"]
[Site "Trondheim, Sør-Trøndelag NOR"]
[Date "2014.07.15"]
[Round "5"]
[White "Frost, Morten"]
[Black "Thorvaldsen, Idun"]
[Result "1/2-1/2"]
[WhiteElo "885"]
[BlackElo "884"]
[Annotator "Thorvaldsen,Idun"]
[PlyCount "136"]
[EventDate "2014.07.12"]

1. c4 e6 2. g3 b6 3. Bg2 c6 4. e4 Qc7 5. Nc3 Bb7 6. Nge2 Nf6 7. d3 Be7 8. O-O
O-O 9. Be3 e5 10. a3 d6 11. f4 Ng4 12. Qd2 Nd7 13. f5 Nxe3 14. Qxe3 d5 15. cxd5
Bc5 16. d4 exd4 17. Nxd4 cxd5 18. b4 Bxd4 19. Qxd4 dxe4 20. Nxe4 Bxe4 21. Qxe4
Rad8 22. Rac1 Qe5 23. Qb7 Qe3+ 24. Kh1 Qxa3 25. Rc7 Ne5 26. Bd5 Rb8 27. Qxa7
Qxb4 28. Qa2 Qd6 29. Rc2 Nd3 30. Rd2 Nb4 31. Qb3 Nxd5 32. Rxd5 Qc6 33. Kg1 Rfd8
34. Rb5 h6 (34... Rd2 35. Rf2 Rbd8 36. Re5 Rd1+ 37. Rf1 Rxf1+ 38. Kxf1 Rd2 39.
Re8+ Qxe8 40. Qf3 Ra2 41. Qf2 Qb5+ 42. Kg2 Qd5+ 43. Kg1 Rxf2) 35. Rf2 Qf6 36.
Qb1 Qd4 37. Kg2 Qd3 38. Qb2 Qd4 39. Qb3 Kf8 40. Rb2 Rd6 41. Rb4 Qc5 42. Rc2
Qd5+ 43. Qf3 Qxf3+ 44. Kxf3 g6 45. g4 gxf5 46. gxf5 Rd5 47. Kg4 Ke7 48. Rc6 Rd6
49. Rc7+ Rd7 50. Re4+ Kd8 51. Rc6 Re7 52. Rd4+ Rd7 53. Rb4 b5 54. Rxh6 Ke7 55.
Rc6 Rd6 56. Rc5 Rh6 57. Kg3 Rhb6 58. h4 Kd6 59. Rc1 Ke5 60. Re1+ Kxf5 61. Rf4+
Kg6 62. Re5 Kg7 63. Rg5+ Rg6 64. Rb4 Rxg5+ 65. hxg5 Kg6 66. Kf4 f6 67. gxf6
Kxf6 68. Ke4 Ke6 1/2-1/2

[Event "Landsturneringen 2014"]
[Site "Trondheim, Sør-Trøndelag NOR"]
[Date "2014.07.15"]
[Round "5"]
[White "Bakken, Svein-Erik"]
[Black "Sæther, Lars"]
[Result "0-1"]
[WhiteElo "1401"]
[BlackElo "1476"]
[PlyCount "94"]
[EventDate "2014.07.12"]

1. d4 e5 2. dxe5 Nc6 3. Nf3 Qe7 4. a3 Nxe5 5. Nxe5 Qxe5 6. Nd2 Nf6 7. Nf3 Qh5
8. e3 d5 9. Be2 Bg4 10. Nd4 Bxe2 11. Nxe2 Bd6 12. Ng3 Qxd1+ 13. Kxd1 g6 14. b4
Be5 15. Rb1 Rd8 16. Ke2 O-O 17. Rd1 Rfe8 18. Kf1 h5 19. Bb2 Bxb2 20. Rxb2 h4
21. Ne2 Ng4 22. h3 Ne5 23. Rb3 Nc4 24. Rd4 c6 25. Nc3 b5 26. Kg1 g5 27. Nd1 Re4
28. Rbd3 f5 29. f3 Rxd4 30. exd4 f4 31. Kf2 Re8 32. Rc3 Kf7 33. Rd3 Kf6 34. Rc3
Ke6 35. Rd3 Kd6 36. Rc3 a5 37. Rb3 axb4 38. axb4 Ra8 39. Rb1 Ra2 40. Rc1 Nb2
41. Ke1 Nxd1 42. Kxd1 Rb2 43. Kd2 Rxb4 44. Kc3 Rc4+ 45. Kd3 b4 46. Re1 c5 47.
Re5 Rxd4+ 0-1

[Event "Landsturneringen 2014"]
[Site "Trondheim, Sør-Trøndelag NOR"]
[Date "2014.07.15"]
[Round "5"]
[White "Lange, Magnus Øyvind"]
[Black "Iversen, Henrik"]
[Result "0-1"]
[WhiteElo "655"]
[BlackElo "672"]
[Annotator "Lange,Holger"]
[PlyCount "78"]
[EventDate "2014.07.12"]

1. e4 e5 2. Nf3 Nc6 3. Bc4 Bc5 4. d3 Nf6 5. Bg5 O-O 6. Nc3 h6 7. Bh4 b6 8. Nd5
Be7 9. Qd2 Nxd5 10. Bxe7 $2 (10. exd5 Bxh4 11. dxc6 dxc6 12. Nxh4 Qxh4 13.
O-O-O) 10... Ndxe7 11. Bd5 Bb7 12. O-O-O Rb8 13. g4 Nxd5 14. exd5 Nd4 15. Nxe5
Bxd5 16. Rhe1 Bf3 17. h4 Bxd1 18. Rxd1 Qxh4 19. Nxd7 Qxg4 20. Nxf8 Rxf8 21. Re1
Nf3 22. Qd1 Qf4+ 23. Re3 Re8 24. Qxf3 Qxf3 25. Rxf3 h5 26. Rh3 g6 27. f4 Kg7
28. Kd2 Kf6 29. Re3 Rxe3 30. Kxe3 Kf5 31. d4 Kg4 32. c4 Kg3 33. b4 h4 34. c5
bxc5 35. bxc5 h3 36. d5 h2 37. d6 cxd6 38. cxd6 h1=Q 39. d7 Qd5 0-1

[Event "Landsturneringen 2014"]
[Site "Trondheim, Sør-Trøndelag NOR"]
[Date "2014.07.15"]
[Round "5"]
[White "Fossan, Daniel"]
[Black "Thorvaldsen, Thomas"]
[Result "1/2-1/2"]
[WhiteElo "571"]
[BlackElo "1058"]
[Annotator "Thorvaldsen,Idun"]
[PlyCount "65"]
[EventDate "2014.07.12"]

1. e4 e5 2. Nf3 Nc6 3. Bc4 Bc5 4. d3 Nf6 5. Bg5 h6 6. Bh4 d6 7. Nc3 Bg4 8. h3
Bh5 9. g4 Bg6 10. Nd5 h5 11. Qd2 Bd4 12. Nxd4 Nxd4 13. Bxf6 gxf6 14. O-O-O c6
15. c3 cxd5 16. Bb3 Nf3 17. Qe3 Ng5 18. gxh5 Bxh5 19. Ba4+ Kf8 20. Rdg1 Bf3 21.
Rh2 dxe4 22. dxe4 Bxe4 23. c4 Nf3 24. Rhg2 Nxg1 25. Rxg1 Bc6 26. Bxc6 bxc6 27.
Qg3 Ke7 28. Qf3 d5 29. cxd5 Qxd5 30. Qe3 Qxa2 31. Qc5+ Ke6 $4 {Kd7 redder
stillingen. Alt annet gir evig sjakk og remis.} 32. Qxc6+ Kf5 33. Qf3+ {Evig
sjakk} 1/2-1/2

[Event "Landsturneringen 2014"]
[Site "Trondheim, Sør-Trøndelag NOR"]
[Date "2014.07.16"]
[Round "6"]
[White "Lange, David"]
[Black "Haugsrud, Håkon"]
[Result "0-1"]
[WhiteElo "1817"]
[BlackElo "1847"]
[PlyCount "70"]
[EventDate "2014.07.12"]

1. d4 d5 2. Nf3 Nf6 3. e3 c6 4. c4 e6 5. Nc3 Be7 6. Bd3 O-O 7. O-O Nbd7 8. b3
b6 9. Bb2 Bb7 10. Rc1 c5 11. cxd5 exd5 12. Bb1 Re8 13. Ne5 Ne4 14. Qc2 Rc8 15.
f3 Nef6 16. Qe2 Bd6 17. f4 Ne4 18. Nxe4 dxe4 19. Qh5 Qe7 20. Rfd1 Nf6 21. Qe2
Red8 22. Kh1 Nd7 23. Qg4 Nf6 24. Qe2 cxd4 25. Bxd4 Ba3 26. Rxc8 Rxc8 27. Bb2 h5
28. h3 Qc5 29. Bxa3 Qxa3 30. Nc4 Ba6 31. Qxh5 Bxc4 32. Qe5 Bd5 33. Kh2 Qc5 34.
Rd4 Qc1 35. Qf5 Be6 0-1

[Event "Landsturneringen 2014"]
[Site "Trondheim, Sør-Trøndelag NOR"]
[Date "2014.07.16"]
[Round "6"]
[White "Dyrnes, Jussi"]
[Black "Furnes, Torstein"]
[Result "0-1"]
[WhiteElo "1720"]
[BlackElo "1609"]
[Annotator "Furnes,Torstein"]
[PlyCount "76"]
[EventDate "2014.07.12"]

1. b3 d5 2. Bb2 Nf6 3. e3 Bf5 4. Be2 Nbd7 5. f4 e6 6. Nf3 Bd6 7. O-O Qe7 8. c4
dxc4 9. bxc4 {Så langt har vi fulgt partier fra chesslive.de, men partiet i
databasen fortsetter nå med 9.-c5.} O-O $146 10. Nd4 Bg6 11. Nc3 c5 12. Ndb5
Bb8 13. Bf3 Nb6 14. Be2 Rd8 15. d4 $6 a6 16. Na4 $2 (16. Na3 cxd4 17. exd4 e5
18. f5 (18. fxe5 Bxe5) 18... exd4 19. Nd5 Nbxd5 20. cxd5 Qe3+ 21. Kh1 (21. Rf2
Bxh2+ 22. Kxh2 Qxf2 23. fxg6 Re8 24. gxf7+ Kxf7 25. Bf3 Qxb2) 21... Qe5 22. g3
Bxf5) 16... axb5 17. Nxb6 Ra6 {Springeren har ingen fluktfelter.} 18. cxb5 Rxb6
19. a4 Rbd6 20. a5 R6d7 21. Qb3 cxd4 22. Bxd4 Nd5 23. Bf3 Rc8 (23... Nxe3 $1
24. Bxe3 Rd3) 24. a6 bxa6 25. bxa6 Ba7 26. Rfc1 Rb8 27. Qd1 Nxe3 28. Qe2 Bxd4
29. Kh1 Bxa1 30. Qxe3 Bd4 31. Qe2 Ba7 32. Bb7 Qd6 33. h3 Qxf4 34. Rc4 Qd6 35.
Rc1 Qd2 36. Qc4 Rbd8 37. Qc6 Qxc1+ 38. Qxc1 Rd1+ 0-1

[Event "Landsturneringen 2014"]
[Site "Trondheim, Sør-Trøndelag NOR"]
[Date "2014.07.16"]
[Round "6"]
[White "Lange, Holger"]
[Black "Johansen, Svein"]
[Result "1/2-1/2"]
[WhiteElo "1663"]
[BlackElo "1682"]
[PlyCount "26"]
[EventDate "2014.07.12"]

1. e4 d5 2. exd5 Qxd5 3. Nc3 Qa5 4. d4 Nf6 5. Nf3 Bf5 6. Bd3 Bxd3 7. Qxd3 e6 8.
Qb5+ Qxb5 9. Nxb5 Bd6 10. Nxd6+ cxd6 11. Bf4 d5 12. Ne5 O-O 13. f3 Nbd7 1/2-1/2

[Event "Landsturneringen 2014"]
[Site "Trondheim, Sør-Trøndelag NOR"]
[Date "2014.07.16"]
[Round "6"]
[White "Ruud, Kjetil"]
[Black "Endresen, Ola Torstein"]
[Result "1-0"]
[WhiteElo "1288"]
[BlackElo "1347"]
[PlyCount "56"]
[EventDate "2014.07.12"]

1. e4 c6 2. d4 d5 3. e5 c5 4. Be3 cxd4 5. Bb5+ Bd7 6. Bxd7+ Qxd7 7. Bxd4 Nc6 8.
Ne2 Nxd4 9. Qxd4 e6 10. O-O Ne7 11. Ng3 Nc6 12. Qf4 Be7 13. Nd2 O-O 14. c3 Qd8
15. Nf3 b5 16. b4 Qc7 17. Nh5 f5 18. Rfd1 g6 19. Qg3 Kh8 20. Nf4 Nd8 21. Nd4
Qb6 22. Rd3 Re8 23. Nxg6+ Kg7 24. Nxe7+ Kf7 25. Nexf5 exf5 26. Nxf5 Rg8 27.
Nd6+ Qxd6 28. Rf3+ (28. Qf4+) 28... Ke8 (28... Ke6) (28... Ke7) 1-0

[Event "Landsturneringen 2014"]
[Site "Trondheim, Sør-Trøndelag NOR"]
[Date "2014.07.16"]
[Round "6"]
[White "Jensen, Magnus Dahl"]
[Black "Kjelstrup, Joachim"]
[Result "0-1"]
[WhiteElo "1090"]
[BlackElo "1090"]
[Annotator "Kjelstrup, Joachim"]
[PlyCount "110"]
[EventDate "2014.07.12"]

1. e4 c5 2. Nf3 d6 3. d4 cxd4 4. Nxd4 Nf6 5. Nc3 a6 6. Bc4 e6 7. Bb3 Nc6 8. Ba4
Bd7 9. Nxc6 Bxc6 10. Bg5 Bxa4 11. Nxa4 {Hvit burde slått på f6 først.} Qa5+ 12.
Nc3 Qxg5 13. Qf3 Be7 14. O-O O-O 15. Rad1 Qe5 16. Rfe1 Rfe8 17. Na4 Qb5 18. b3
d5 19. exd5 exd5 20. Nc3 Qa5 21. Nxd5 Nxd5 22. Qxd5 Qxd5 23. Rxd5 Bf6 24. Kf1
Bc3 25. Re2 Rxe2 26. Kxe2 g6 27. Rd7 b5 28. Rd3 b4 29. h3 h5 30. g4 hxg4 31.
hxg4 g5 32. f3 a5 33. Rd1 Re8+ 34. Kf2 Kg7 35. Rd5 Re5 36. Rxe5 Bxe5 37. Ke3
Kf6 38. Kd3 Ke6 39. Ke4 f6 40. Ke3 Kd5 41. Kd3 Bd4 42. Ke2 Ke5 43. Kd3 Bb6 44.
c4 bxc3 45. Kxc3 Kf4 46. Kc4 Kxf3 47. Kb5 Bd8 48. b4 axb4 49. Kxb4 Kxg4 50. a4
f5 51. a5 Bxa5+ 52. Kc4 Kf3 53. Kd3 f4 54. Kc2 g4 55. Kd1 g3 {Hvit ga opp} 0-1

[Event "Landsturneringen 2014"]
[Site "Trondheim, Sør-Trøndelag NOR"]
[Date "2014.07.16"]
[Round "6"]
[White "Lea, Per"]
[Black "Lie, Terje"]
[Result "1/2-1/2"]
[WhiteElo "1661"]
[BlackElo "1342"]
[Annotator "Lea, Per"]
[PlyCount "121"]
[EventDate "2014.07.12"]

1. e4 d6 2. d4 Nf6 3. Nc3 g6 4. Bc4 Bg7 5. Nf3 Nc6 6. Be3 O-O 7. O-O Nxe4 8.
Nxe4 d5 9. c3 Bg4 10. Ned2 dxc4 11. Nxc4 e6 12. h3 Bxf3 13. Qxf3 Qd5 14. Qxd5
exd5 15. Nd2 Ne7 16. Rfe1 Rfe8 17. Bf4 c6 18. Re2 Nf5 19. Rae1 Rxe2 20. Rxe2
Bh6 21. Bxh6 Nxh6 22. Re7 Rb8 23. Nf3 (23. Nb3 Nf5 24. Rd7 $16) 23... Nf5 24.
Rd7 f6 25. g4 Ng7 26. g5 (26. Ne1 h5 27. Nd3 $16) 26... fxg5 27. Nxg5 h6 28.
Nf7 Nf5 29. Nd8 g5 30. Nxb7 h5 31. b3 Re8 32. Kf1 Rf8 33. Rd8 Ng3+ 34. Ke1 Ne4
35. Rxf8+ (35. c4 Kg7 36. Rxf8 Kxf8 37. Nd8 $18) 35... Kxf8 36. c4 Ke7 37. f3
Ng3 38. Na5 Kd7 39. b4 Nf5 40. cxd5 cxd5 41. Nb3 Kc6 42. a4 Kb6 43. Ke2 Nd6 44.
f4 Ne4 45. Nc5 (45. Kf3 gxf4 46. h4 Nc3 47. Nc5 Kc6 48. Kxf4 $18) (45. h4)
45... gxf4 46. h4 Ng3+ 47. Kf3 Nf5 48. Kxf4 Nxh4 49. Ke5 Nf3+ 50. Kxd5 h4 51.
Nd3 h3 52. Nf2 h2 53. Ke4 Ng5+ 54. Kf5 Nh3 55. Nh1 Kc6 56. b5+ Kd6 57. a5 Ng1
58. a6 Ne2 59. b6 Nxd4+ 60. Ke4 Nc6 61. bxa7 1/2-1/2

[Event "Landsturneringen 2014"]
[Site "Trondheim, Sør-Trøndelag NOR"]
[Date "2014.07.16"]
[Round "6"]
[White "Lange, Magnus Øyvind"]
[Black "Krogstad Hystad, Torbjørn"]
[Result "1/2-1/2"]
[WhiteElo "655"]
[BlackElo "710"]
[PlyCount "64"]
[EventDate "2014.07.12"]

1. e4 e5 2. Nf3 Nc6 3. d4 d6 4. dxe5 dxe5 5. Qxd8+ Nxd8 6. Nxe5 Bd6 7. Nf3 Bg4
8. Be2 Ne7 9. h3 Bh5 10. g4 Bg6 11. Nc3 Ne6 12. Bd2 Bb4 13. Bd3 Nc5 14. a3 Bxc3
15. Bxc3 f6 16. Nd2 O-O-O 17. Bb4 Nxd3+ 18. cxd3 Nc6 19. Ke2 Nd4+ 20. Kd1 Ne6
21. Kc2 Nd4+ 22. Kd1 Ne6 23. Rf1 Rxd3 24. f4 Bf7 25. f5 Ng5 26. h4 Nh3 27. Ke2
Rg3 28. Rh1 Nf4+ 29. Kf2 Rxg4 30. Ke3 Rd8 31. Rag1 Rxg1 32. Rxg1 Nh5 1/2-1/2

[Event "Landsturneringen 2014"]
[Site "Trondheim, Sør-Trøndelag NOR"]
[Date "2014.07.16"]
[Round "6"]
[White "Thorvaldsen, Thomas"]
[Black "Jørdre Kvamme, Thomas"]
[Result "1-0"]
[WhiteElo "1058"]
[BlackElo "542"]
[PlyCount "77"]
[EventDate "2014.07.12"]

1. d4 d5 2. c4 Bf5 3. Nc3 e6 4. Bf4 Bd6 5. Bxd6 Qxd6 6. e3 Nf6 7. Nf3 O-O 8.
Bd3 Ne4 9. Nxe4 Bxe4 10. Bxe4 dxe4 11. Nd2 Qb4 12. O-O Qxb2 13. Nxe4 Nc6 14.
Qb3 Qxb3 15. axb3 Rad8 16. Rfd1 Rd7 17. d5 exd5 18. cxd5 Nb4 19. Nc3 a6 20. Ra4
a5 21. Rxa5 Na6 22. e4 Re8 23. f3 f6 24. Kf2 Kf7 25. f4 g6 26. Rd3 f5 27. exf5
gxf5 28. d6 cxd6 29. Rxf5+ Ke7 30. Rh3 Kd8 31. Nd5 Nb8 32. Rg5 Nc6 33. Nf6 Rf7
34. Nxe8 Kxe8 35. g3 Rc7 36. Rgh5 Nd4 37. Rxh7 Nxb3 38. Rxc7 d5 39. Rh8# 1-0

[Event "Landsturneringen 2014"]
[Site "Trondheim, Sør-Trøndelag NOR"]
[Date "2014.07.17"]
[Round "7"]
[White "Haveland, Bjørn"]
[Black "Lange, David"]
[Result "1/2-1/2"]
[WhiteElo "1807"]
[BlackElo "1817"]
[PlyCount "120"]
[EventDate "2014.07.12"]

1. d4 d5 2. Nf3 Nf6 3. e3 c6 4. Bd3 g6 5. O-O Bg7 6. b3 O-O 7. Bb2 b6 8. Ne5
Bb7 9. Nd2 Nbd7 10. f4 Rc8 11. Qe1 c5 12. Qh4 Ne4 13. Ndf3 e6 14. Qh3 Rc7 15.
Rad1 Qe7 16. Nxd7 Rxd7 17. Ne5 Rc7 18. c4 Rfc8 19. g4 f6 20. Nf3 f5 21. gxf5
exf5 22. Ne5 Rd8 23. Bxe4 fxe4 24. cxd5 Bxe5 25. fxe5 Bxd5 26. Rf2 Qe6 27. Qg2
Rf8 28. Rdf1 Rcf7 29. Rxf7 Rxf7 30. Rxf7 Kxf7 31. Qf1+ Qf5 32. Qxf5+ gxf5 33.
Kf2 a5 34. dxc5 bxc5 35. Bc3 a4 36. bxa4 Bxa2 37. Kg3 Be6 38. Kf4 Kg6 39. a5
Bc8 40. e6 Bxe6 41. Ke5 Bc4 42. Kd6 Bd3 43. Kxc5 Kf7 44. Kb6 Ke6 45. Be1 Kd7
46. a6 Bc4 47. Kb7 Bd5+ 48. Kb8 f4 49. exf4 e3 50. a7 Ke6 51. a8=Q Bxa8 52.
Kxa8 Kf5 53. Bg3 h5 54. Kb7 Kg4 55. Kc6 h4 56. Be1 Kxf4 57. Bxh4 Kg4 58. Bg3
Kh3 59. Kd5 e2 60. Ke4 e1=Q+ 1/2-1/2

[Event "Landsturneringen 2014"]
[Site "Trondheim, Sør-Trøndelag NOR"]
[Date "2014.07.17"]
[Round "7"]
[White "Furnes, Torstein"]
[Black "Blikra, Per"]
[Result "1/2-1/2"]
[WhiteElo "1609"]
[BlackElo "1635"]
[Annotator "Furnes,Torstein"]
[PlyCount "68"]
[EventDate "2014.07.12"]

1. d4 Nf6 2. c4 e6 3. Nc3 Bb4 4. Qc2 c5 5. dxc5 Qa5 6. Bd2 Nc6 7. Nf3 Qxc5 8.
e3 O-O 9. a3 Bxc3 10. Bxc3 Qe7 11. Bd3 h6 12. b4 {Dette trekket finnes ikke
hos chesslive.de. Der fortsetter det istedet med g4 eller 0-0.} Rd8 13. b5 Nb8
14. Bb4 d6 15. O-O Nbd7 16. Nd4 Nc5 17. Be2 e5 18. Nf5 Qc7 19. Rfd1 b6 20. Bxc5
dxc5 21. Rxd8+ Qxd8 22. Rd1 Qc7 23. Bf3 Bxf5 24. Qxf5 Re8 25. Bd5 Qe7 26. h3
Kf8 27. Bc6 Rb8 28. g4 g6 29. Qd3 Kg7 30. Kg2 e4 31. Qd6 Qxd6 32. Rxd6 g5 33.
Kg3 Rc8 34. f4 exf3 {Og jeg tok imot svarts remistilbud. Svart får tårnet sitt
til e7 (via c7) og jeg så ikke helt hvordan jeg kunne komme videre. Fritz 11
bedømmer sluttstillingen som hvit fordel på ca. +0.3.} 1/2-1/2

[Event "Landsturneringen 2014"]
[Site "Trondheim, Sør-Trøndelag NOR"]
[Date "2014.07.17"]
[Round "7"]
[White "Sørjordet, Anders"]
[Black "Lange, Holger"]
[Result "1-0"]
[WhiteElo "1529"]
[BlackElo "1663"]
[PlyCount "101"]
[EventDate "2014.07.12"]

1. d4 Nf6 2. Nf3 e6 3. g3 d5 4. Bg2 Be7 5. O-O O-O 6. c4 c5 7. dxc5 Bxc5 8.
Nbd2 Nc6 9. e3 Bd7 10. Qc2 Be7 11. b3 Rc8 12. Qb1 Qc7 13. Bb2 dxc4 14. Nxc4 b5
15. Nce5 Nxe5 16. Nxe5 Qc2 17. Rc1 Qxb1 18. Raxb1 Rfd8 19. Nxd7 Nxd7 20. Bc6
Rb8 21. Bd4 Ba3 22. Rd1 Nc5 23. b4 Bxb4 24. Rxb4 e5 25. Rxb5 Rxb5 26. Bxb5 exd4
27. Rxd4 Rxd4 28. exd4 Ne4 29. f3 Nd6 30. a4 Kf8 31. Kf2 Ke7 32. Ke3 Ke6 33.
Bc6 Nc4+ 34. Kd3 Na5 35. Ba8 Nb3 36. Kc3 Nc1 37. Kb4 Kd6 38. Kb5 Nb3 39. Ka6
Nxd4 40. Kxa7 Kc5 41. Kb8 f5 42. Kc7 g5 43. Kd7 h5 44. Ke7 f4 45. gxf4 gxf4 46.
Kf6 Kb4 47. Kg5 Ne2 48. Bc6 Nd4 49. Be4 Ne2 50. Bd3 Nc1 51. Bb5 1-0

[Event "Landsturneringen 2014"]
[Site "Trondheim, Sør-Trøndelag NOR"]
[Date "2014.07.17"]
[Round "7"]
[White "Berezkin, Alexander"]
[Black "Ruud, Kjetil"]
[Result "1-0"]
[WhiteElo "1396"]
[BlackElo "1288"]
[Annotator "Lea,Per"]
[PlyCount "8"]
[EventDate "2014.07.12"]

1. d4 b6 2. c4 e6 3. Nf3 Bb7 (3... Bb4+ 4. Bd2 Bxd2+ 5. Qxd2 d6 6. g3 Bb7 7.
Bg2 Nd7 8. O-O Ngf6 9. Nc3 O-O 10. Rac1 h6 11. Rfd1 Re8 12. Qc2 Bxf3 13. Bxf3
Rb8 14. e4 e5 15. d5 a5 16. a3 g5 17. b4 Ra8 18. Kf1 (18. Ra1 Kf8 19. Qe2 (19.
Qd2 Ke7 20. h3 Rg8 21. Qe2 Rg7 22. Bg4 Nxg4 23. hxg4 Nf6 24. Kg2 h5 25. gxh5 g4
26. Rdc1 Nxh5 27. Nd1 Nf6 28. Ne3 Rh7 29. Nf5+ Kd7 30. c5 Qh8 31. Qb5+ Kd8 32.
cxd6 Rh2+ 33. Kf1 Qh3+ (33... Nxe4 34. dxc7+ Kc8 35. Ne7+ Kb7 36. Qc6+ Ka6 (
36... Ka7 37. c8=N+ Rxc8 38. Qd7+ Rc7 (38... Ka6 39. b5#) 39. Rxc7+ Ka6) 37.
c8=Q+ Rxc8 38. Qxc8+ Kb5 39. Qc6+ Ka6 40. b5+ Ka7 41. Qc7+ Ka8) 34. Ke2 Rxf2+
35. Kxf2 Nxe4+ 36. Ke3 Nxd6 37. Nxd6 Qxg3+ 38. Kd2 Qf2+) 19... Ke7 20. h3 Rg8))
4. Bd2 Bxf3 1-0

[Event "Landsturneringen 2014"]
[Site "Trondheim, Sør-Trøndelag NOR"]
[Date "2014.07.17"]
[Round "7"]
[White "Kjelstrup, Joachim"]
[Black "Olsen, Jens Petter"]
[Result "0-1"]
[WhiteElo "1090"]
[BlackElo "1233"]
[PlyCount "86"]
[EventDate "2014.07.12"]

1. c4 c5 2. g3 g6 3. Nc3 Bg7 4. Bg2 e6 5. e3 Nc6 6. Nge2 Nge7 7. O-O O-O 8. d3
d5 9. d4 cxd4 10. exd4 dxc4 11. d5 Ne5 12. Nf4 Rb8 13. b3 exd5 14. Ba3 N5c6 15.
Bxe7 Nxe7 16. Rc1 d4 17. Ncd5 Nxd5 18. Nxd5 cxb3 19. Qxb3 Be6 20. Rc2 Qd6 21.
Rfc1 Rfd8 22. Rc7 Bxd5 23. Bxd5 Qxd5 24. Qxd5 Rxd5 25. Rb1 d3 26. Kf1 d2 27.
Rd1 a5 28. Rc2 Rbd8 29. Ke2 b5 30. Rdxd2 Rxd2+ 31. Rxd2 Rxd2+ 32. Kxd2 b4 33.
Kc2 Bd4 34. f3 f5 35. g4 fxg4 36. fxg4 Kf7 37. Kd3 Bb6 38. Kc4 Kf6 39. Kb5 Bd8
40. Ka4 Kg5 41. h3 Kh4 42. a3 bxa3 43. Kxa3 Kxh3 {hvit ga opp} 0-1